|
|
|
|
| LEADER |
03741nam a22006857a 4500 |
| 001 |
44377 |
| 003 |
BD-DhAAL |
| 005 |
20251019133012.0 |
| 008 |
250424t2020 bg a|||| b||| 00| 0 eng d |
| 020 |
|
|
|a 9789843491442
|
| 040 |
|
|
|a BD-DhAAL
|c BD-DhAAL
|
| 082 |
|
|
|a 305.895805492
|2 23
|
| 245 |
|
|
|a Humanitarian crisis in Rohingya camps :
|b a health perpective :
|k Bangladesh Health Watch Report
|g 2018-2019.
|
| 260 |
|
|
|a Dhaka :
|b Bangladesh Health Watch,
|c 2020.
|
| 300 |
|
|
|a 152 pages :
|b illustrations ;
|c 28 cm
|
| 541 |
|
|
|a Complimentary copy from Dr. Ahmed Mushtaque Raza Chowdhury (Former Vice Chairperson of BRAC)
|e 44377, 44378
|
| 650 |
|
|
|a Rohingya (Burmese people).
|
| 650 |
|
|
|a Rohingya (Burmese people)
|z Bangladesh.
|
| 650 |
|
|
|a Rohingya (Burmese people)
|x Violence against.
|9 58162
|
| 650 |
|
|
|a Refugees
|z Bangladesh.
|
| 650 |
|
|
|a Refugee camps
|z Bangladesh.
|9 58163
|
| 650 |
|
|
|a Refugees
|z Burma.
|
| 650 |
|
|
|a Rohingya (Burmese people)
|x Ethnic relations.
|9 58164
|
| 650 |
|
|
|a Human rights
|z Bangladesh.
|
| 650 |
|
|
|a Rohingya (Burmese people)
|z Bangladesh
|x Social conditions.
|9 39279
|
| 650 |
|
|
|a Refugee camps
|x Bangladesh
|z Social conditions.
|9 58165
|
| 650 |
|
|
|a Women, Burmese
|x Bangaldesh
|z Social conditions.
|9 58166
|
| 650 |
|
|
|a Women refugees
|z Bangaldesh
|x Social conditions.
|9 58167
|
| 700 |
|
|
|a Ahmed, Be-Nazir,
|c contributor.
|9 59639
|
| 700 |
|
|
|a Ahmed, Rushdia,
|c contributor.
|9 59640
|
| 700 |
|
|
|a Aktar, Bachera,
|c contributor.
|9 59641
|
| 700 |
|
|
|a Alam, Zarfisha,
|c contributor.
|9 59642
|
| 700 |
|
|
|a Basunia, Shuvra Rahman,
|c contributor.
|9 59643
|
| 700 |
|
|
|a Chowdhury, A. M. Raza,
|c contributor.
|9 59644
|
| 700 |
|
|
|a Hasan, Md Tanvir,
|c contributor.
|9 59645
|
| 700 |
|
|
|a Homsi, Mahmoud Muntasir,
|c contributor.
|9 59646
|
| 700 |
|
|
|a Hussain, A M Zakir,
|c contributor.
|9 59647
|
| 700 |
|
|
|a Hossain, Zakir,
|c contributor.
|9 59648
|
| 700 |
|
|
|a Islam, Md Akramul,
|c contributor.
|9 59649
|
| 700 |
|
|
|a Islam, Mahfuza,
|c contributor.
|9 59650
|
| 700 |
|
|
|a Islam, Nargis,
|c contributor.
|9 59651
|
| 700 |
|
|
|a Islam, Shayla,
|c contributor.
|9 59652
|
| 700 |
|
|
|a Kabir, Mohammad Moktadir,
|c contributor.
|9 59653
|
| 700 |
|
|
|a Mahfuz, Mehjabin Tishan,
|c contributor.
|9 59654
|
| 700 |
|
|
|a Mridha, Malay Kanti,
|c contributor.
|9 59655
|
| 700 |
|
|
|a Musa, Muhammad,
|c contributor.
|9 59656
|
| 700 |
|
|
|a Paul, Rina Rani,
|c contributor.
|9 59657
|
| 700 |
|
|
|a Quayyum, Zahidul,
|c contributor.
|9 59658
|
| 700 |
|
|
|a Rabbani, Atonu,
|c contributor.
|9 59659
|
| 700 |
|
|
|a Rahman, Md Mahbubur,
|c contributor.
|9 59660
|
| 700 |
|
|
|a Rashid, Sabina F.,
|c contributor.
|9 59661
|
| 700 |
|
|
|a Rifat, Isbat Azmary,
|c contributor.
|9 59662
|
| 700 |
|
|
|a Shahid, Shaila,
|c contributor.
|9 59663
|
| 710 |
|
|
|a Bangladesh Health Watch,
|e associated name.
|9 58112
|
| 710 |
|
|
|a James P. Grant School of Public Health (BRAC University),
|e associated name.
|
| 852 |
|
|
|a Ayesha Abed Library
|c Ahmed Mushtaque Raza Chowdhury Collection
|
| 942 |
|
|
|2 ddc
|c BK
|
| 999 |
|
|
|c 47288
|d 47288
|
| 952 |
|
|
|0 0
|1 0
|2 ddc
|4 0
|6 305_895805492000000_HUM
|7 1
|8 RPT
|9 77650
|a BRACUL
|b BRACUL
|c AMRC
|d 2025-04-24
|e Complimentary copy from Dr. Ahmed Mushtaque Raza Chowdhury (Former Vice Chairperson of BRAC)
|l 0
|o 305.895805492 HUM
|p 3010044377
|r 2025-04-24
|t 1
|w 2025-04-24
|y BK
|x Complimentary copy received from Dr. Ahmed Mushtaque Raza Chowdhury (Former Vice Chairperson of BRAC) on 17 April 2025.
|
| 952 |
|
|
|0 0
|1 0
|2 ddc
|4 0
|6 305_895805492000000_HUM
|7 1
|8 RPT
|9 77651
|a BRACUL
|b BRACUL
|c AMRC
|d 2025-04-24
|e Complimentary copy from Dr. Ahmed Mushtaque Raza Chowdhury (Former Vice Chairperson of BRAC)
|l 0
|o 305.895805492 HUM
|p 3010044378
|r 2025-04-24
|t 2
|w 2025-04-24
|y BK
|x Complimentary copy received from Dr. Ahmed Mushtaque Raza Chowdhury (Former Vice Chairperson of BRAC) on 17 April 2025.
|